Statistics for Movies that Start with Z

Click here to take the quiz!

General Stats

  • This quiz has been taken 4,342 times
  • The average score is 5 of 8

Answer Stats

DescriptionActorMovie% Correct
Male model discovers there's more to life than being really, really, really,
ridiculously good looking
Ben StillerZoolander
91%
Detectives pursue a San Francisco serial killer who taunts police by
promising to kill one person for every astrological sign
Jake GyllenhaalZodiac
88%
In a world run by animals, a cute little bunny has an improbable dream
to become a police officer
Ginnifer GoodwinZootopia
80%
Survivors of a zombie apocolypse head to a California amusement park
which is supposedly free of zombies
Emma StoneZombieland
78%
A regiment of English soldiers fights against South African tribesmenMichael CaineZulu
58%
The story of the decade-long manhunt to find Osama Bin LadenJessica ChastainZero Dark Thirty
48%
An uptight Englishman becomes fast friends with a carefree GrecianAnthony QuinnZorba the Greek
28%
A film version of the famous follies of the Broadway stage
in the early 1900s
Lucille BallZiegfeld Follies
21%

Score Distribution

Percentile by Number Answered

Percent of People with Each Score

Your Score History

You have not taken this quiz